| 000 | 01296nam a2200253Ia 4500 | ||
|---|---|---|---|
| 003 | Ost | ||
| 005 | 20260507074918.0 | ||
| 008 | 260507s9999||||xx |||||||||||||| ||und|| | ||
| 020 | _a9957121340 | ||
| 040 | _cfsecg | ||
| 041 | _aara | ||
| 082 | _a658.7 | ||
| 100 |
_aالعلاق، بشير _eمؤلف |
||
| 245 | 0 |
_aإدارة المواد : _bمدخل إداري ومحاسبي / _c بشير العلاق |
|
| 260 |
_aعمان: _bدار اليازوري العلمية للنشر والتوزيع, _c2008 |
||
| 300 |
_a309 صفحة؛ _bإيضاحات ؛ _c25 سم |
||
| 504 | _aببليوغرافيا: ص.307 | ||
| 520 | _aأهمية وأغراض التخزين، المفهوم العلمي للتخطيط بصورة عامة، التعريف بمجال تخطيط المخزون، ماذا نعني بالإستهلاك المنتظم، التخطيط للاستهلاك المتغير مع بقاء الاحتياجات السنوية ثابثة، أحتياطي الطوارئ أو الأمان، مفهوم السيطرة المخزنية، أنواع الجرد، مراجعة المخزون | ||
| 653 | _aادارة المواد | ||
| 653 | _aالتخزين | ||
| 653 | _aالتخطيط | ||
| 700 |
_aشرف الدين، محمود _eمؤلف ثانوي |
||
| 942 | _cكتاب | ||
| 999 |
_c41784 _d41784 |
||